Scholars' guide to Washington, D.C., for East Asian studies : China, Japan, Korea, and Mongolia
This volume on East Asia is designed to serve the specific needs of scholars who are interested in knowing the scope of research facilities and resource on the region available in the nation's capital.
Bewaard in:
| Hoofdauteur: | |
|---|---|
| Formaat: | Boek |
| Taal: | Undetermined |
| Gepubliceerd in: |
Washington
Smithsonian Institution Press
1979
|
| Onderwerpen: | |
| Tags: |
Voeg label toe
Geen labels, Wees de eerste die dit record labelt!
|
| Thư viện lưu trữ: | Trung tâm Học liệu Trường Đại học Cần Thơ |
|---|
| LEADER | 00889nam a2200217Ia 4500 | ||
|---|---|---|---|
| 001 | CTU_227666 | ||
| 008 | 210402s9999 xx 000 0 und d | ||
| 082 | |a 026 | ||
| 082 | |b K49 | ||
| 100 | |a Kim, Hong N. | ||
| 245 | 0 | |a Scholars' guide to Washington, D.C., for East Asian studies : | |
| 245 | 0 | |b China, Japan, Korea, and Mongolia | |
| 245 | 0 | |c Consultant: Frank Joseph Shulman, Warren M. Tsuneishi | |
| 260 | |a Washington | ||
| 260 | |b Smithsonian Institution Press | ||
| 260 | |c 1979 | ||
| 520 | |a This volume on East Asia is designed to serve the specific needs of scholars who are interested in knowing the scope of research facilities and resource on the region available in the nation's capital. | ||
| 650 | |a Đông Á,East Asia | ||
| 650 | |x Tài nguyên thư viện,Library resources | ||
| 910 | |b dqhieu | ||
| 980 | |a Trung tâm Học liệu Trường Đại học Cần Thơ | ||